000 00800nam a2200181 a 4500
008 120924s1999 ||||||||||||||||| || u
020 _a81-219-2617-3
050 _aTL 507 Raj
100 _aRajput, R. K
245 1 0 _aHeat and mass transfer: in SI units
_cby R. K. Rajput
260 _aNew Delhi:
_bS. Chand and Company Ltd
_c1999
300 _axvi, 864 pages : illustrations
500 _aDonated by Counsellor Kang'ombe
650 _aHEAT--TRANSMISSION
650 _aMASS TRANSFER
995 _aMAIN LIBRARY OPEN ACCESS
_e743315
_FCBU-MAIN LIBRARY (Kitwe)
_jTL 507 Raj
_M1
_UAVAILABLE
_WOct 1, 2012
_y743315
_ZMain Library Open Access Collection
995 _aMAIN LIBRARY OPEN ACCESS
_e743316
_FCBU-MAIN LIBRARY (Kitwe)
_jTL 507 Raj
_M2
_UAVAILABLE
_WOct 1, 2012
_y743316
_ZMain Library Open Access Collection
999 _c76151
_d76151